000 00423nam a2200169 i 4500
001 bg
100 1 _aMEQUID, S. A.
245 0 _aIntegrated computer-aided design of mechanical systems /
_cS. A. Mequid.
260 _aLondon :
_bElsevier,
_c1987.
020 _a1851660216
040 _cBPK
041 _apol
080 _a621.01
920 _a1-85166-021-6
942 _cKS
008 s pl f |000 0 pol
999 _c28897
_d28897
856 _uhttp://koha.tu.koszalin.pl/cgi-bin/koha/opac-detail.pl?biblionumber=28897
_yKatalog online BPK